000 01057nas a2200337 4500
001 BR2012006541
003 BR-BrBNA
005 20231205121129.0
007 ta
008 230509b bl.|||p| |||| 00| 00por d
040 _aBR-BrBNA
_bpor
_cBiblioteca Nacional de Agricultura
041 _a(Pt)
072 _aL70
100 1 _aAtique, T.S.C.
100 1 _aReis, A.G. dos
100 1 _aSouza, G.D. de
100 1 _aGuimarães, P.M.
100 1 _aFurini, A.A. da C.
100 1 _aAtique, H.N.
100 1 _aMelo, A.P.F.
245 1 _aIndicadores de prescrição e de interações medicamentosas no Dr. Hospital Halim Atique-UNIR
246 1 _aPrescription indicators and drugs interations in Dr. Halim Atique Hospital -UNIR
650 _aVETERINÁRIA
650 _aMEDICAMENTO
650 _aDIAGNÓSTICO
650 _aTRATAMENTO
650 _aEFEITO COLATERAL
773 0 _tRevista CFMV (Brazil)
_xISSN 1517-6959
_g(May-Aug 2011), v. 17(53) p. 43-54
_wBR2012006541
909 _a202311
_bLúcia
_c55
_dLúcia Elande
942 _2AGRIS
_n0
_cANA
999 _c221971
_d221971